000 00686nam a2200181Ia 4500
008 100920s9999 xx 000 0 und d
082 _b11506
_a28 व 891,461 थ 58
100 _aकुलकर्णी वि.म.
245 _aललकार (बाल-गीत-संग्रह).
260 _bजगताप-कारले प्रकाशन, पुणे 2.
_c1958
300 _a36
_bसाधी
365 _b0.75
520 _aबा.वि.पद्य.
630 _aललकार (बाल-गीत-संग्रह).
650 _aबा.वि.पद्य.
730 _aललकार (बाल-गीत-संग्रह).
942 _cBOOK
999 _c677228
_d677225